• 首页
  • 本馆介绍
  • 公告通知
  • 最新文献
  • 馆藏检索
  • 电子资源
  • 读者导购
  • 参考咨询
  • 我的图书馆
  • 登录
  • 详细信息显示
  • 放入我的书架
  • 预约/预借图书
  • 作者相关作品
  • 分类相关作品
  • 丛书相关作品
  • 出版社相关作品

书目信息

  • 表格格式
  • 工作单格式
  • 卡片格式
题名:
新文化运动与百年中国梦
    
 
作者: 任敏 , 田明月 , 周维维 著
分册:  
出版信息: 合肥   安徽大学出版社  2016
页数: 156页
开本: 24cm
丛书名:
单 册:
中图分类: K261.107 , D616
科图分类:
主题词: 五四运动--wu si yun dong--研究 , 中国特色社会主义--zhong guo te se she hui zhu yi--社会主义建设模式--研究
电子资源:
ISBN: 978-7-5664-1135-8
000 01089nam0 22003011 450
001 0120082254
005 20170320082254.0
010    @a978-7-5664-1135-8@dCNY26.00
100    @a20170215d2016 em y0chiy50 ea
101 0  @achi
102    @aCN@b340100
105    @aa z 000yy
106    @ar
200 1  @a新文化运动与百年中国梦@9xin wen hua yun dong yu bai nian zhong guo meng@f任敏,田明月,周维维著
210    @a合肥@c安徽大学出版社@d2016
215    @a156页@c图,照片@d24cm
300    @a新文化运动与百年中国/刘勇,李春雨主编
300    @a全国高校出版社主题出版
330    @a本书透过新文化运动的历史语境,讲述新文化运动时期以及当下青年的中国梦想,追溯中国梦的理论来源和历史发展,对当下中国梦的实现更具指导意义。
606 0  @a五四运动@9wu si yun dong@x研究
606 0  @a中国特色社会主义@9zhong guo te se she hui zhu yi@x社会主义建设模式@x研究
690    @aK261.107@v5
690    @aD616@v5
701  0 @a任敏@9ren min@4著
701  0 @a田明月@9tian ming yue@4著
701  0 @a周维维@9zhou wei wei@4著
801  0 @aCN@bTANGWEI@c20170308
905    @b0957513-5@dK261.107@e123@f3
    
    新文化运动与百年中国梦/任敏,田明月,周维维著.-合肥:安徽大学出版社,2016
    156页:图,照片;24cm
    新文化运动与百年中国/刘勇,李春雨主编.-全国高校出版社主题出版
    
    ISBN 978-7-5664-1135-8:CNY26.00
    本书透过新文化运动的历史语境,讲述新文化运动时期以及当下青年的中国梦想,追溯中国梦的理论来源和历史发展,对当下中国梦的实现更具指导意义。
●
相关链接 在E读中查询图书 在五车中查询图书 在当当中查询图书 在豆瓣中查询图书


正题名:新文化运动与百年中国梦     索取号:K261.107/123         预约/预借

序号 登录号 条形码 馆藏地/架位号 状态 备注
1 0957513   209575137   第二样本阅览室/ [索取号:K261.107/123] 在馆    
2 0957514   209575146   第二借阅区/ [索取号:K261.107/123] 在馆    
3 0957515   209575155   密集书库-史法系/ [索取号:K261.107/123] 在馆    
唐山师范学院图书馆 欢迎您!
大连网信软件有限公司© 版权所有